|
|
|
|
| LEADER |
03700nam a22004213i 4500 |
| 001 |
EBC5049092 |
| 003 |
MiAaPQ |
| 005 |
20231204023214.0 |
| 006 |
m o d | |
| 007 |
cr cnu|||||||| |
| 008 |
231204s2000 xx o ||||0 ger d |
| 020 |
|
|
|a 9783110919967
|q (electronic bk.)
|
| 020 |
|
|
|z 9783484312227
|
| 035 |
|
|
|a (MiAaPQ)EBC5049092
|
| 035 |
|
|
|a (Au-PeEL)EBL5049092
|
| 035 |
|
|
|a (OCoLC)1066596566
|
| 040 |
|
|
|a MiAaPQ
|b eng
|e rda
|e pn
|c MiAaPQ
|d MiAaPQ
|
| 082 |
0 |
|
|a 510
|
| 100 |
1 |
|
|a Gärtner, Barbara.
|
| 245 |
1 |
0 |
|a Johannes Widmanns »Behende und Hubsche Rechenung« :
|b Die Textsorte >Rechenbuch< in der Frühen Neuzeit.
|
| 250 |
|
|
|a 1st ed.
|
| 264 |
|
1 |
|a Tübingen :
|b Walter de Gruyter GmbH,
|c 2000.
|
| 264 |
|
4 |
|c {copy}2000.
|
| 300 |
|
|
|a 1 online resource (680 pages)
|
| 336 |
|
|
|a text
|b txt
|2 rdacontent
|
| 337 |
|
|
|a computer
|b c
|2 rdamedia
|
| 338 |
|
|
|a online resource
|b cr
|2 rdacarrier
|
| 490 |
1 |
|
|a Reihe Germanistische Linguistik Series ;
|v v.222
|
| 505 |
0 |
|
|a Intro -- Inhaltsverzeichnis -- Vorwort -- Verzeichnis der Kurzanalysen -- Teil I. Johannes Widmann -- 1 Zum Leben -- 2 Widmanns Stellung in der Mathematikgeschichte -- 3 Werke in lateinischer Sprache -- 4 Das Rechenbuch -- 5 Spuren der Rezeption Widmanns in Leipzig -- 6 Verzeichnis der quellenkundlichen Sekundärliteratur und Inkunabelkataloge -- Teil II. Rechenbücher - eine Beschreibung der Textsorte in ihrem räumlichen, zeitlichen und sozialen Umfeld -- 1 Methodische und stoffliche Grundlagen -- 2 Mathematik in Leipzig -- 3 Johannes Widmanns 'Behende vnd hübsche Rechenung' (1489) -- 4 Arithmetiklehrbücher der Frühen Neuzeit -- 5 Die Rolle der Rechenmeister in der Kulturgeschichte und die Rolle der Rechenbücher in der Sprachgeschichte -- Teil III. Edition -- 1 Editionsprinzipien -- 2 Text: Behende vnd hübsche Rechenung -- 3 Editorisches Beiwerk -- A Dokumente zu Leben und Werk Johannes Widmanns und seiner Nachkommen -- B Inhaltsangabe -- Quellen- und Literaturverzeichnis -- Namensregister -- Ortsregister -- Sachregister.
|
| 520 |
|
|
|a The German Linguistic Studies Series is a comprehensive and outstanding forum in its field. It has borne the name of its subject in its title since the foundation of the series in the eighth decade of the last century.The series is comprehensive in the broad spectrum of topics covered (language levels, varieties, communication forms, epochs) in the range of research perspectives (theoretical and empirical studies, fundamental research and applications, interdisciplinarity with psychology, the social sciences etc.) and methodologies (the sole criterion is quality), in the rhythm of research (trends are perceived and also set, achievements are secured) and in the forms of presentation (monographs, textbooks, collected volumes, dictionaries).Professorial theses, outstanding doctoral theses, pioneering research findings from wider contexts, but also the surprising ‛stroke of genius' set the standards for inclusion in the series.
|
| 588 |
|
|
|a Description based on publisher supplied metadata and other sources.
|
| 590 |
|
|
|a Electronic reproduction. Ann Arbor, Michigan : ProQuest Ebook Central, 2023. Available via World Wide Web. Access may be limited to ProQuest Ebook Central affiliated libraries.
|
| 655 |
|
4 |
|a Electronic books.
|
| 700 |
1 |
|
|a Gärtner, Barbara.
|
| 776 |
0 |
8 |
|i Print version:
|a Gärtner, Barbara
|t Johannes Widmanns »Behende und Hubsche Rechenung«
|d Tübingen : Walter de Gruyter GmbH,c2000
|z 9783484312227
|
| 797 |
2 |
|
|a ProQuest (Firm)
|
| 830 |
|
0 |
|a Reihe Germanistische Linguistik Series
|
| 856 |
4 |
0 |
|u https://ebookcentral.proquest.com/lib/matrademy/detail.action?docID=5049092
|z Click to View
|